| 000 | 00660nam a2200241Ia 4500 | ||
|---|---|---|---|
| 008 | 180523s9999 xx 000 0 und d | ||
| 020 | _a978-981-253-260-2 | ||
| 050 | _aMAIN G 155.A1 | ||
| 050 | _b.G64 2006 | ||
| 100 | _aGoelder, Charles R. | ||
| 245 | 0 | _aTourism : | |
| 245 | 0 | _bprinciples, practices, philosophies / | |
| 245 | 0 | _cCharles R. Goeldner, J. R. Brent Ritchie. | |
| 250 | _a10th Edition | ||
| 260 | _aNew Jersey : | ||
| 260 | _bJohn Wiley & Sons, | ||
| 260 | _c2006 | ||
| 300 | _a590 pages : | ||
| 300 | _billustrations ; | ||
| 300 | _c24 cm. | ||
| 500 | _aIncludes bibliographical references and index. | ||
| 650 | _aTourism. | ||
| 999 |
_c356635 _d356635 |
||